El control de las enfermedades transmisibles (Registro nro. 3510)
[ vista simple ]
| 000 -CABECERA | |
|---|---|
| Longitud fija campo de control | 00710nam a2200205 b 4500 |
| 003 - IDENTIFICADOR DELl NÚMERO DE CONTROL | |
| Identificador del número de control | OSt |
| 005 - FECHA Y HORA DE LA ÚLTIMA TRANSACCIÓN | |
| Fecha y hora de la última transacción | 20131029142939.0 |
| 008 - CÓDIGOS DE INFORMACIÓN DE LONGITUD FIJA | |
| Códigos de información de longitud fija | 090602s2001 esp ||| | spa c |
| 020 ## - NÚMERO INTERNACIONAL NORMALIZADO PARA LIBROS | |
| Número Internacional Normalizado para Libros (ISBN) | 0-87553-242-X |
| 040 ## - FUENTE DE LA CATALOGACIÓN | |
| Centro catalogador de origen | BR-MU |
| Centro transcriptor | BMC |
| 082 ## - NÚMERO DE LA CLASIFICACIÓN DECIMAL DEWEY | |
| Númeroo de clasificación | 614.43 |
| 245 03 - MENCIÓN DE TÍTULO | |
| Título | El control de las enfermedades transmisibles |
| Resto del título | : informe oficial de la Asociación Estadounidense de Salud Pública |
| Mención de responsabilidad, etc. | James Chin, editor |
| 250 ## - MENCIÓN DE EDICIÓN | |
| Mención de edición | 17ª ed |
| 260 ## - PUBLICACIÓN, DISTRIBUCIÓN, ETC. (PIE DE IMPRENTA) | |
| Lugar de publicación, distribución, etc. | Washington |
| Nombre del editor, distribuidor, etc. | Organización Panamericana de la Salud |
| Fecha de publicación, distribución, etc. | 2001 |
| 300 ## - DESCRIPCIÓN FÍSICA | |
| Extensión | 748 p. |
| Dimensiones | 19 cm |
| 595 ## - NOTA DE EDICIÓN E HISTORIA BIBLIOGRÁFICA | |
| Nota de edición e historia bibliográfica | Traducción de: Control of communicable diseases manual, 17th ed. |
| 650 24 - PUNTO DE ACCESO ADICIONAL DE MATERIA - TÉRMINO DE MATERIA | |
| Término de materia o nombre geográfico como elemento inicial | Enfermedades infecciosas |
| Subdivisión de materia general | Prevención |
| 9 (RLIN) | 8005 |
| 700 1# - PUNTO DE ACCESO ADICIONAL - NOMBRE DE PERSONA | |
| Nombre de persona | Chin, James |
| 9 (RLIN) | 4226 |
| 942 ## - ENTRADA DE ELEMENTOS AGREGADOS (KOHA) | |
| Fuente de clasificaión o esquema | Dewey Decimal Classification |
| Koha [por defecto] tipo de item | 1- Monografias |
| Suprimido | Perdido | Fuente de clasificación o esquema | Estropeado | Restricciones de uso | No para préstamo | Código de colección | Localización permanente | Localización actual | Localización en estanter&íacute;as | Fecha adquisición | Fuente de adquisición | Número de inventario | Préstamos totales | Renovaciones totales | Signatura completa | Código de barras | Fecha última consulta | Fecha último préstamo | Coste, precio reemplazado | Fecha del precio de reemplazo | Tipo de item de Koha |
|---|---|---|---|---|---|---|---|---|---|---|---|---|---|---|---|---|---|---|---|---|---|
| NULL | NULL | Dewey Decimal Classification | NULL | Prestable | NULL | NULL | Biblioteca Miguel de Cervantes - UNICAES | Biblioteca Miguel de Cervantes - UNICAES | Sala Principal | Donación - Facultad de Ciencias y Humanidades | 005648 | 51 | 7 | 614.43 CON | 1005648 | 21/06/2019 | 20/06/2019 | 20.00 | 28/10/2013 | 1- Monografias | |
| NULL | NULL | Dewey Decimal Classification | NULL | Prestable | NULL | NULL | Biblioteca Miguel de Cervantes - UNICAES | Biblioteca Miguel de Cervantes - UNICAES | Sala Principal | 04/12/2016 | Donación - Facultad de Ciencias y Humanidades | 005649 | 67 | 7 | 614.43 CON | 1005649 | 22/07/2019 | 22/07/2019 | 20.00 | 28/10/2013 | 1- Monografias |